World view : (Record no. 5496)
[ view plain ]
| 000 -LEADER | |
|---|---|
| fixed length control field | 00661cam a22002052 4500 |
| 001 - CONTROL NUMBER | |
| control field | 0000001854 |
| 005 - DATE AND TIME OF LATEST TRANSACTION | |
| control field | 20151217151831.0 |
| 008 - FIXED-LENGTH DATA ELEMENTS--GENERAL INFORMATION | |
| fixed length control field | 070328s xx 000 0 eng d |
| 020 ## - INTERNATIONAL STANDARD BOOK NUMBER | |
| International Standard Book Number | 1578511852 : |
| Terms of availability | KES 2,160 |
| 040 ## - CATALOGING SOURCE | |
| Original cataloging agency | KABU |
| Transcribing agency | KABU |
| 050 #0 - LIBRARY OF CONGRESS CALL NUMBER | |
| Classification number | HD62.4 |
| Item number | .W67 |
| 245 10 - TITLE STATEMENT | |
| Title | World view : |
| Remainder of title | global strategies for the new economy / |
| Statement of responsibility, etc. | edited by Jeffrey E. Garten. |
| 260 ## - PUBLICATION, DISTRIBUTION, ETC. (IMPRINT) | |
| Place of publication, distribution, etc. | Boston : |
| Name of publisher, distributor, etc. | Harvard Business School, |
| Date of publication, distribution, etc. | 2000. |
| 300 ## - PHYSICAL DESCRIPTION | |
| Extent | xx, 340 p. |
| 650 #0 - SUBJECT ADDED ENTRY--TOPICAL TERM | |
| Topical term or geographic name as entry element | International business enterprise |
| General subdivision | Management. |
| -- | 0000150909 |
| 700 1# - ADDED ENTRY--PERSONAL NAME | |
| Personal name | Garten, Jeffrey E. |
| -- | 0000150910 |
| 908 ## - PUT COMMAND PARAMETER (RLIN) | |
| Put command parameter | 070328 |
| 950 ## - LOCAL HOLDINGS (RLIN) | |
| -- | 1 |
| Withdrawn status | Lost status | Source of classification or shelving scheme | Not for loan | Home library | Current library | Date acquired | Total Checkouts | Full call number | Barcode | Date last seen | Price effective from | Koha item type |
|---|---|---|---|---|---|---|---|---|---|---|---|---|
| Library of Congress Classification | Kabarak, Main Campus | Kabarak, Main Campus | 17/12/2015 | HD62.4 .W67 | 001599 | 02/08/2024 | 17/12/2015 | General Collection |